History Quiz

Random History or Country Quiz
Score 0/20 Timer 05:00
7 Plays Today
Leader Country % Correct
Benito MussoliniKingdom of Italy
99.4%
Mao ZedongPeople's Republic of China
99%
Fidel CastroRepublic of Cuba
98.3%
Charles de GaulleFrench Republic
97.5%
Nelson MandelaRepublic of South Africa
97.5%
Kim Jong-ilDemocratic People's Republic of Korea
94.9%
Otto von BismarckGerman Empire
94.7%
Indira GandhiRepublic of India
92.1%
Genghis KhanMongol Empire
90.1%
Catherine II (the Great)Russian Empire
86.9%
Leader Country % Correct
Hosni MubarakArab Republic of Egypt
78.1%
Yasuhiro NakasoneJapan
76%
Xerxes IPersian Empire
71.6%
João FigueiredoFederative Republic of Brazil
66.5%
Charlemagne (Charles I)Holy Roman Empire
65.8%
Haile Selassie IEthiopia
58.9%
Gustav II Adolf Kingdom of Sweden
48.9%
António de Oliveira SalazarSecond Portuguese Republic
43.2%
Shaka kaSenzangakhonaZulu kingdom
37.4%
Kurmanbek BakiyevKyrgyz Republic
18.7%
Remove Ads.
Support Sporcle.
Get the best of Sporcle when you Go Orange. This ad-free experience offers more features, more stats, and more fun while also helping to support Sporcle. Thank you for becoming a member.

You're not logged in!

Compare scores with friends on all Sporcle quizzes.
OR
Log In

Show Comments

Extras

Top Quizzes Today


Score Distribution

Your Account Isn't Verified!

In order to create a playlist on Sporcle, you need to verify the email address you used during registration. Go to your Sporcle Settings to finish the process.

Report this User

Report this user for behavior that violates our Community Guidelines.

Details: